LEADER 02132nam0 22004693i 450 001 VAN00298588 005 20251114031023.115 017 70$2N$a9781475760750 100 $a20250922d1998 |0itac50 ba 101 $aeng 102 $aNL 105 $a|||| ||||| 181 $ai$b e 182 $ab 183 $acr 200 1 $aOperations Research in Transportation Systems$eIdeas and Schemes of Optimization Methods for Strategic Planning and Operations Management$fby Alexander S. Belenky 210 $aDordrecht$cSpringer$cKluwer$d1998 215 $aviii, 440 p.$d24 cm 410 1$1001VAN00050060$12001 $aApplied optimization$1210 $aDordrecht$cKluwer$v20 606 $a90-XX$xOperations research, mathematical programming [MSC 2020]$3VANC025650$2MF 606 $a90B06$xTransportation, logistics and supply chain management [MSC 2020]$3VANC021353$2MF 606 $a90B50$xManagement decision making, including multiple objectives [MSC 2020]$3VANC025286$2MF 606 $a90C90$xApplications of mathematical programming [MSC 2020]$3VANC019710$2MF 610 $aDiscrete Optimization$9KW:K 610 $aMathematical programming$9KW:K 610 $aOperations Management$9KW:K 610 $aOperations Research$9KW:K 610 $aOptimal Control$9KW:K 610 $aOptimization$9KW:K 610 $aOptimization methods$9KW:K 620 $aNL$dDordrecht$3VANL000068 700 1$aBelenky$bAlexander S.$3VANV253878$0873446 712 $aKluwer $3VANV108116$4650 712 $aSpringer $3VANV108073$4650 801 $aIT$bSOL$c20251121$gRICA 856 4 $uhttps://doi.org/10.1007/978-1-4757-6075-0$zE-book ? Accesso al full-text attraverso riconoscimento IP di Ateneo, proxy e/o Shibboleth 899 $aBIBLIOTECA DEL DIPARTIMENTO DI MATEMATICA E FISICA$1IT-CE0120$2VAN08 912 $fN 912 $aVAN00298588 950 $aBIBLIOTECA DEL DIPARTIMENTO DI MATEMATICA E FISICA$d08DLOAD e-Book 12855 $e08eMF12855 20251028 996 $aOperations Research in Transportation Systems$94436132 997 $aUNICAMPANIA LEADER 02150nam0 2200541 i 450 001 VAN00024840 005 20260203023005.719 010 $a35-406-1788-4 010 $a978-35-406-1788-4 100 $a20040928r1997 |0itac50 ba 101 $aeng 102 $aDE 105 $a|||| ||||| 181 $ai$b e 182 $an 183 $anc 200 1 $aˆAn ‰introduction to the geometry of numbers$fJohn W. S. Cassels 205 $aReprint of the 1971 ed 210 $aBerlin$aHeidelberg$cSpringer$d1997 215 $avii, 344 p.$d24 cm 410 1$1001VAN00044810$12001 $aClassics in mathematics$1210 $aBerlin [etc.]$cSpringer 500 1$3VAN00302003$aˆAn ‰introduction to the geometry of numbers$91431974 606 $a11Hxx$xGeometry of numbers [MSC 2020]$3VANC021462$2MF 610 $aAutomorphs$9KW:K 610 $aDiophantine approximations$9KW:K 610 $aDistance functions$9KW:K 610 $aGeometry of numbers$9KW:K 610 $aLattices$9KW:K 610 $aMinkowski's theorem$9KW:K 610 $aNumber theory$9KW:K 610 $aPackings$9KW:K 610 $aPrime$9KW:K 610 $aReduction$9KW:K 620 $dBerlin$3VANL000066 620 $aDE$dHeidelberg$3VANL000282 700 1$aCassels$bJohn W. S.$3VANV020887$0728612 712 $aSpringer $3VANV108073$4650 790 1$aCassels, John W.S.$zCassels, John W. S.$3VANV024290 790 1$aCassels, J.W.S.$zCassels, John W. S.$3VANV055721 790 1$aCassels, John William Scott$zCassels, John W. S.$3VANV024293 790 1$aCassels, J. W. S.$zCassels, John W. S.$3VANV055720 801 $aIT$bSOL$c20260206$gRICA 856 4 $u/sebina/repository/catalogazione/documenti/Cassels - An introduction to the geometry of numbers.pdf$zContents 899 $aBIBLIOTECA DEL DIPARTIMENTO DI MATEMATICA E FISICA$1IT-CE0120$2VAN08 912 $aVAN00024840 950 $aBIBLIOTECA DEL DIPARTIMENTO DI MATEMATICA E FISICA$d08PREST 11-XX 0716 $e08 4415 I 20040928 996 $aIntroduction to the geometry of numbers$91431974 997 $aUNICAMPANIA